[Event "12. Lichtenberger Sommer"]
[Site "Berlin"]
[Date "2013.08.22"]
[Round "6.79"]
[White "Ritter, Uwe"]
[Black "Schmitt, Jens-Ole"]
[Result "1-0"]
[WhiteElo "1991"]
[BlackElo "1676"]
[PlyCount "69"]
[EventDate "2013.??.??"]
[WhiteTeam "Reideburger SV 90 Halle"]
[BlackTeam "SG Narva Berlin e.V."]

1. f4 e5 2. fxe5 d6 3. exd6 Bxd6 4. Nf3 g5 5. g3 g4 6. Nh4 f5 7. e3 Qe7 8. Qe2
Nf6 9. Ng2 Bxg3+ 10. hxg3 Ne4 11. Rh2 Nxg3 12. Qf2 Ne4 13. Qh4 Qxh4+ 14. Rxh4
Nc6 15. Bb5 Bd7 16. Bxc6 Bxc6 17. Nf4 O-O-O 18. d3 Ng5 19. Nd2 g3 20. Nh3 g2
21. Ng1 Rdg8 22. Kf2 Rg7 23. Nb3 Rhg8 24. Nd4 Bd7 25. Ndf3 Nxf3 26. Kxf3 Rg3+
27. Kf2 R8g7 28. Rxh7 Rxh7 29. Kxg3 Bc6 30. Bd2 Rh1 31. Kf2 Kd7 32. Re1 Rh2 33.
e4 fxe4 34. dxe4 b5 35. Nf3 1-0

[Event "12. Lichtenberger Sommer"]
[Site "Berlin"]
[Date "2013.08.22"]
[Round "6.80"]
[White "Dietzel, Uwe"]
[Black "Getzuhn, Detlef"]
[Result "0-1"]
[WhiteElo "1708"]
[BlackElo "1903"]
[PlyCount "116"]
[EventDate "2013.??.??"]
[WhiteTeam "TSV Lichtentanne SAbt"]
[BlackTeam "SV Senat"]

1. d4 Nf6 2. e3 d5 3. Bd3 g6 4. f4 Bg7 5. Nf3 O-O 6. Qe2 b6 7. O-O c5 8. c3 Nc6
9. Nbd2 e6 10. Ne5 Bb7 11. g4 Nd7 12. Nxd7 Qxd7 13. Nf3 f6 14. Nh4 e5 15. f5 g5
16. Ng2 cxd4 17. exd4 exd4 18. Bd2 Rae8 19. Qf2 dxc3 20. Bxc3 Ne5 21. Be2 Rf7
22. Rfd1 Qc8 23. Ne3 Rd8 24. Bd4 Bf8 25. Qg2 Nc6 26. Rac1 Qb8 27. Bf3 Nxd4 28.
Rxd4 Bc5 29. Rxc5 bxc5 30. Rxd5 Rxd5 31. Bxd5 Kg7 32. Qf2 Bxd5 33. Nxd5 Qd6 34.
Nc3 Re7 35. Kg2 Qd4 36. h3 h5 37. gxh5 Re5 38. a3 Qxf2+ 39. Kxf2 Rxf5+ 40. Ke3
Re5+ 41. Kf3 f5 42. Nb5 a5 43. Nd6 Rd5 44. Nc4 Rd3+ 45. Kg2 a4 46. Nb6 Rd4 47.
Kf3 Kh6 48. Nc8 Kxh5 49. Ne7 c4 50. Nc6 Rd3+ 51. Ke2 Rb3 52. Nd4 Rxb2+ 53. Kd1
f4 54. Kc1 Rf2 55. Nb5 Rf3 56. Kc2 Rxh3 57. Nd6 Rxa3 58. Nxc4 Rg3 0-1

[Event "12. Lichtenberger Sommer"]
[Site "Berlin"]
[Date "2013.08.22"]
[Round "6.81"]
[White "Kasper, Peter"]
[Black "Salz, Matthias"]
[Result "0-1"]
[WhiteElo "1787"]
[BlackElo "1698"]
[PlyCount "76"]
[EventDate "2013.??.??"]
[WhiteTeam "SG Eckturm"]
[BlackTeam "SV Empor Berlin e.V."]

1. e4 c5 2. Nf3 Nc6 3. d4 cxd4 4. c3 dxc3 5. Nxc3 d6 6. Bc4 a6 7. a3 Nf6 8. h3
e6 9. Qe2 Qc7 10. O-O Be7 11. Rd1 O-O 12. Bf4 Ne5 13. Ba2 Bd7 14. Rac1 Bc6 15.
Nd4 Ng6 16. Be3 Rfe8 17. b4 Qd7 18. f3 Nh5 19. Qc2 Rac8 20. Bb3 Bh4 21. Qa2 Qe7
22. Rc2 Ngf4 23. Bf2 Bxf2+ 24. Rxf2 Qg5 25. Kh2 Qg3+ 26. Kh1 Bd7 27. Na4 Bxa4
28. Bxa4 b5 29. Bb3 Qh4 30. Kg1 Ng3 31. Qd2 d5 32. Bc2 e5 33. Nf5 Nxf5 34. exf5
Qg3 35. Kh1 Rc4 36. Bb3 Rd4 37. Qb2 Rxd1+ 38. Bxd1 Nd3 0-1

[Event "12. Lichtenberger Sommer"]
[Site "Berlin"]
[Date "2013.08.22"]
[Round "6.82"]
[White "Roth, Joachim"]
[Black "Bollenbach, Horst"]
[Result "0-1"]
[WhiteElo "1923"]
[BlackElo "1566"]
[PlyCount "84"]
[EventDate "2013.??.??"]
[WhiteTeam "SG Bund"]
[BlackTeam "SC Friesen Lichtenberg e.V."]

1. d4 Nf6 2. e3 d5 3. Bd3 c5 4. c3 e6 5. Nf3 Nc6 6. Nbd2 c4 7. Bc2 Qa5 8. O-O
b5 9. e4 b4 10. exd5 Qxd5 11. Qe2 Na5 12. Ne4 Bb7 13. Bg5 Nxe4 14. Bxe4 Qxe4
15. Qd2 Qg4 16. h3 Qh5 17. cxb4 Bxf3 18. gxf3 Nc6 19. d5 Ne5 20. Qe3 Nxf3+ 21.
Kg2 Nxg5 22. dxe6 Nxe6 23. a3 Bd6 24. Rad1 Qe5 25. Rfe1 Qh2+ 26. Kf1 O-O 27.
Ke2 Qf4 28. Kd2 Qxe3+ 29. fxe3 Be5 30. Kc2 Rfd8 31. b3 cxb3+ 32. Kxb3 Rxd1 33.
Rxd1 Rc8 34. Rd3 a5 35. Rd5 f6 36. Rxa5 Rc3+ 37. Ka4 Rxe3 38. Kb5 Bb2 39. a4
Re5+ 40. Ka6 Bc3 41. Rxe5 fxe5 42. b5 Nc5+ 0-1

[Event "12. Lichtenberger Sommer"]
[Site "Berlin"]
[Date "2013.08.22"]
[Round "6.83"]
[White "Gruener, Reinhard"]
[Black "Poeltelt, Helmut"]
[Result "0-1"]
[WhiteElo "2016"]
[BlackElo "1733"]
[PlyCount "46"]
[EventDate "2013.??.??"]
[WhiteTeam "SG Lasker Steglitz-Wilmersdorf"]
[BlackTeam "SC Eintracht Berlin e.V."]

1. d4 Nf6 2. Nc3 d5 3. Bg5 Nbd7 4. f3 c6 5. e4 dxe4 6. fxe4 Qa5 7. Qd2 e5 8.
Nf3 exd4 9. Nxd4 Bb4 10. Bd3 O-O 11. Nde2 Re8 12. a3 Nxe4 13. Bxe4 Rxe4 14.
O-O-O Rxe2 15. axb4 Qa1+ 16. Nb1 Rxd2 17. Rxd2 a5 18. Re1 f6 19. Bf4 axb4 20.
Rd4 c5 21. Rd3 c4 22. Rd4 Nb6 23. Rd8+ Kf7 0-1

[Event "12. Lichtenberger Sommer"]
[Site "Berlin"]
[Date "2013.08.22"]
[Round "6.84"]
[White "Nguyen, Phuong Thuy Anh"]
[Black "Ziems, Michael"]
[Result "0-1"]
[WhiteElo "1436"]
[BlackElo "1839"]
[PlyCount "74"]
[EventDate "2013.??.??"]
[WhiteTeam "Schachunion Berlin e.V."]
[BlackTeam "SV Empor Berlin e.V."]

1. e4 e6 2. d4 d5 3. exd5 exd5 4. Bd3 Nf6 5. Nf3 Be7 6. O-O O-O 7. Re1 Bg4 8.
Nbd2 Nbd7 9. h3 Bh5 10. b3 c5 11. c3 Rc8 12. Ba3 Bd6 13. Bf5 Qa5 14. Bxc5 Bxc5
15. dxc5 Qxc5 16. Rc1 Rcd8 17. Qc2 b5 18. Re3 Bg6 19. Bxg6 hxg6 20. Rce1 Nh5
21. Ne5 d4 22. Nxd7 Rxd7 23. Ne4 Qc6 24. Rd3 Nf4 25. Rf3 d3 26. Qd2 Ne2+ 27.
Rxe2 dxe2 28. Qxe2 Qd5 29. Kh2 Qe5+ 30. Kg1 Rfd8 31. Ng3 Rd1+ 32. Kh2 Qxe2 33.
Nxe2 R8d2 34. Ng3 Rxa2 35. c4 bxc4 36. bxc4 Rc1 37. Rf4 Ra4 0-1

[Event "12. Lichtenberger Sommer"]
[Site "Berlin"]
[Date "2013.08.22"]
[Round "6.85"]
[White "Baumgaertner, Andre"]
[Black "Boeck, Rüdiger"]
[Result "1/2-1/2"]
[WhiteElo "1348"]
[BlackElo "1829"]
[PlyCount "84"]
[EventDate "2013.??.??"]
[WhiteTeam "SC Friesen Lichtenberg e.V."]
[BlackTeam "SC Weisse Dame Ulm e.V."]

1. d4 d5 2. c4 e6 3. Nc3 Nf6 4. Bg5 Be7 5. e3 h6 6. Bxf6 Bxf6 7. Nf3 O-O 8. Bd3
dxc4 9. Bxc4 Nd7 10. O-O Nb6 11. Bb3 Nd5 12. Rc1 Nxc3 13. bxc3 b6 14. Re1 Bb7
15. e4 c6 16. Qd3 Be7 17. Rcd1 Qc7 18. Bc2 Rad8 19. Ne5 c5 20. Qc4 Bd6 21. f4
cxd4 22. Qxc7 Bxc7 23. cxd4 Bxe5 24. fxe5 Rc8 25. Bb3 Rfd8 26. Kf2 Kf8 27. Ke3
Rc3+ 28. Rd3 Rxd3+ 29. Kxd3 Rc8 30. Bc4 Ke7 31. d5 a6 32. a4 Rc5 33. Kd4 Ra5
34. Rb1 Rxa4 35. Rxb6 Bc8 36. Rb8 Kd7 37. Kc5 Kc7 38. Rb4 Ra5+ 39. Kd4 Bd7 40.
Kc3 Rc5 41. Kd4 Ra5 42. Kc3 Rc5 1/2-1/2

[Event "12. Lichtenberger Sommer"]
[Site "Berlin"]
[Date "2013.08.22"]
[Round "6.86"]
[White "Lieder, Günter"]
[Black "Möller, Dirk"]
[Result "0-1"]
[WhiteElo "1884"]
[BlackElo "1649"]
[PlyCount "84"]
[EventDate "2013.??.??"]
[WhiteTeam "SK Turm Bad Hersfeld"]
[BlackTeam "SC Kreuzberg e.V."]

1. c4 c5 2. Nc3 Nc6 3. g3 g6 4. Bg2 Bg7 5. Nf3 Nf6 6. O-O O-O 7. d3 d6 8. Bf4
e6 9. e4 h6 10. Bd2 e5 11. a3 Bg4 12. h3 Bd7 13. Rb1 Nd4 14. b4 Qc8 15. Kh2 b6
16. Nxd4 cxd4 17. Ne2 b5 18. Rc1 Qa6 19. f4 Rac8 20. fxe5 dxe5 21. c5 Qxa3 22.
Ra1 Qxd3 23. Rxa7 Bc6 24. Nc1 Qc4 25. Re1 Ra8 26. Rxa8 Rxa8 27. Bf1 Qe6 28. Bd3
Bd7 29. Bf1 Nh7 30. Nb3 Ra2 31. Na5 Ng5 32. Bg2 Nxh3 33. Qc1 Kh7 34. c6 Bc8 35.
Rf1 Qg4 36. Bf3 Qe6 37. Bg2 f6 38. Nb7 Ng5 39. Nd8 Qg4 40. Bxg5 Qxg5 41. c7
Qh5+ 42. Kg1 Qe2 0-1

[Event "12. Lichtenberger Sommer"]
[Site "Berlin"]
[Date "2013.08.22"]
[Round "6.87"]
[White "Balliere, Arne"]
[Black "Ziegel, Mandy Marie"]
[Result "1-0"]
[WhiteElo "1743"]
[BlackElo "1548"]
[PlyCount "71"]
[EventDate "2013.??.??"]
[WhiteTeam "Kon. Oostendse SK"]
[BlackTeam "Schachclub Oranienburg e.V."]

1. e4 e6 2. d4 d5 3. Nc3 Bb4 4. e5 c5 5. a3 Bxc3+ 6. bxc3 Qb6 7. Qg4 Kf8 8. Bd3
Ne7 9. Nf3 Nbc6 10. h4 h5 11. Qf4 Qa5 12. Bd2 c4 13. Ng5 Nf5 14. Bxf5 exf5 15.
e6 fxe6 16. Qd6+ Ne7 17. Rb1 Rh6 18. Nf3 Rf6 19. Ne5 Ke8 20. O-O Qd8 21. Qxd8+
Kxd8 22. Bg5 Rf8 23. Ng6 Re8 24. Nxe7 Rxe7 25. f4 b6 26. Rfe1 Ke8 27. Bxe7 Kxe7
28. a4 Bd7 29. a5 Rb8 30. axb6 axb6 31. Ra1 Kf6 32. Ra7 Bc6 33. Rea1 Bb7 34.
Rb1 Bc6 35. Rc7 Ba4 36. Rb2 1-0

[Event "12. Lichtenberger Sommer"]
[Site "Berlin"]
[Date "2013.08.22"]
[Round "6.88"]
[White "Schönberger, Kay"]
[Black "Wolff, Marie Antoinette"]
[Result "1-0"]
[WhiteElo "1891"]
[BlackElo "1239"]
[PlyCount "65"]
[EventDate "2013.??.??"]
[WhiteTeam "SV Koblenz 03/25"]
[BlackTeam "Leegebrucher Schachfreunde"]

1. d4 d5 2. c4 c6 3. Nc3 Nf6 4. Nf3 Bg4 5. h3 Bxf3 6. exf3 g6 7. Bf4 Bg7 8. Qd2
O-O 9. Rd1 Re8 10. Be2 Nbd7 11. O-O Nh5 12. cxd5 Nxf4 13. Qxf4 cxd5 14. Nxd5 e5
15. dxe5 Rxe5 16. Bb5 Rf5 17. Qb4 a5 18. Qd6 Bf8 19. Qxd7 Qg5 20. Nc7 Rb8 21.
Rfe1 Bc5 22. Re8+ Rxe8 23. Qxe8+ Bf8 24. Bc4 Kg7 25. Bxf7 Qf6 26. Ne6+ Kh6 27.
Qxf8+ Kh5 28. g4+ Kh4 29. Qh6+ Rh5 30. gxh5 Qxf3 31. hxg6+ Qh5 32. Rd4+ Kxh3
33. Ng5# 1-0

[Event "12. Lichtenberger Sommer"]
[Site "Berlin"]
[Date "2013.08.22"]
[Round "6.89"]
[White "Napoli, Ferdinando"]
[Black "Lange, Cecilia"]
[Result "0-1"]
[WhiteElo "1732"]
[BlackElo "1143"]
[PlyCount "46"]
[EventDate "2013.??.??"]
[WhiteTeam "C.S. Scacco Matto Como"]
[BlackTeam "TSG Oberschöneweide e.V."]

1. e4 c6 2. d4 d5 3. exd5 cxd5 4. c4 Nf6 5. Nc3 Bf5 6. Nf3 e6 7. Bg5 Be7 8.
Qa4+ Nbd7 9. Ne5 dxc4 10. Bxc4 a6 11. Nxd7 Nxd7 12. Bxe7 Kxe7 13. O-O Qb6 14.
Qa3+ Kd8 15. Nb5 Bg6 16. Nd6 Kc7 17. Rac1 Kd8 18. Be2 Nf6 19. Bf3 Rb8 20. Nc4
Qc7 21. Ne5 Qe7 22. Qa5+ Ke8 23. Bxb7 Qxb7 0-1

[Event "12. Lichtenberger Sommer"]
[Site "Berlin"]
[Date "2013.08.22"]
[Round "6.90"]
[White "Scholta, Danilo"]
[Black "Revinelli, Sergio"]
[Result "1/2-1/2"]
[WhiteElo "1584"]
[BlackElo "1829"]
[PlyCount "97"]
[EventDate "2013.??.??"]
[WhiteTeam "SV Empor Berlin e.V."]
[BlackTeam "C.S. Veduggio"]

1. e4 e5 2. Bc4 Nc6 3. Nf3 Nf6 4. Ng5 d5 5. exd5 Na5 6. Bb5+ c6 7. dxc6 bxc6 8.
Bd3 Nd5 9. Nf3 Bd6 10. h4 Bg4 11. Be2 Nf4 12. Kf1 O-O 13. Ng1 Nxe2 14. Nxe2 e4
15. Qe1 Nc4 16. b3 Ne5 17. Nbc3 f5 18. Nd4 Re8 19. Qe3 Rc8 20. Na4 Nf7 21. Bb2
f4 22. Qc3 Be5 23. Qc5 Qf6 24. c3 Re7 25. Re1 e3 26. dxe3 Bd6 27. Qc4 fxe3 28.
f3 Kf8 29. Qe2 Bg3 30. Rd1 c5 31. Nc2 Bf5 32. c4 Qc6 33. Ne1 Ne5 34. Bxe5 Bxe5
35. Rd5 Qf6 36. Nd3 Bd4 37. Rxf5 Qxf5 38. g4 Qd7 39. Kg2 Qc6 40. Nf4 Rf7 41.
Nd5 Kg8 42. Nb2 Rcf8 43. Rf1 Re8 44. Nd1 a5 45. Re1 a4 46. Qd3 axb3 47. axb3
Qh6 48. h5 Ref8 49. Rf1 1/2-1/2

[Event "12. Lichtenberger Sommer"]
[Site "Berlin"]
[Date "2013.08.22"]
[Round "6.93"]
[White "Becker, Uwe"]
[Black "Körner, Helmut"]
[Result "0-1"]
[WhiteElo "1808"]
[BlackElo "1910"]
[PlyCount "88"]
[EventDate "2013.??.??"]
[WhiteTeam "SV Glück auf Rüdersdorf e.V."]
[BlackTeam "Sfr.Nord-Ost Berlin"]

1. f4 d5 2. Nf3 g6 3. e3 Bg7 4. c3 Nh6 5. Be2 O-O 6. O-O c5 7. Na3 Nc6 8. Nc2
e5 9. Nxe5 Nxe5 10. fxe5 Bxe5 11. Bf3 Qh4 12. g3 Bxg3 13. hxg3 Qxg3+ 14. Bg2
Ng4 15. Rf4 Bf5 16. Rxg4 Qxg4 17. Qxg4 Bxg4 18. Bxd5 Rab8 19. c4 h5 20. b3 b5
21. Bb2 Be6 22. Bxe6 fxe6 23. cxb5 Rxb5 24. Bc3 Rf5 25. Rf1 Rb6 26. e4 Rxf1+
27. Kxf1 Ra6 28. a3 Rb6 29. b4 cxb4 30. Bxb4 Kf7 31. Ne3 Rc6 32. Bc3 g5 33. Nc2
Rc4 34. Nd4 g4 35. Kg2 e5 36. Nf5 Kf6 37. Nd6 Rc6 38. Nb5 a6 39. Nd4 exd4 40.
Bxd4+ Ke6 41. Kg3 Rc4 42. Be3 Rxe4 43. Kh4 Rxe3 44. dxe3 Ke5 0-1

[Event "12. Lichtenberger Sommer"]
[Site "Berlin"]
[Date "2013.08.22"]
[Round "6.95"]
[White "Schlittermann, Wolfgang"]
[Black "Laurin, Dirk"]
[Result "1-0"]
[WhiteElo "1769"]
[BlackElo "1647"]
[PlyCount "47"]
[EventDate "2013.??.??"]
[WhiteTeam "SV Osram e.V."]
[BlackTeam "SG Narva Berlin e.V."]

1. d4 Nf6 2. c4 g6 3. Nc3 Bg7 4. Nf3 d6 5. h3 Nbd7 6. e4 e5 7. dxe5 Nxe5 8.
Nxe5 dxe5 9. Qxd8+ Kxd8 10. Bg5 h6 11. Bh4 c6 12. f4 Ke8 13. fxe5 Nh5 14. g4
Nf4 15. Bf6 Bxf6 16. exf6 h5 17. g5 h4 18. O-O-O Be6 19. Ne2 Nd3+ 20. Rxd3 Bxc4
21. Rc3 Bxa2 22. b3 Rd8 23. Kb2 Rd2+ 24. Rc2 1-0

[Event "12. Lichtenberger Sommer"]
[Site "Berlin"]
[Date "2013.08.22"]
[Round "6.96"]
[White "Duric, Rajko"]
[Black "Wierzbicki, Jirawat"]
[Result "0-1"]
[WhiteElo "1737"]
[BlackElo "1725"]
[PlyCount "60"]
[EventDate "2013.??.??"]
[WhiteTeam "SC Kreuzberg e.V."]
[BlackTeam "TuS Makkabi Berlin e.V."]

1. e4 e5 2. Nf3 Nc6 3. Bc4 Nf6 4. Ng5 d5 5. exd5 Na5 6. Bb5+ c6 7. dxc6 bxc6 8.
Be2 h6 9. Nf3 e4 10. Ng1 Bc5 11. c3 Qb6 12. b4 Bxf2+ 13. Kf1 Nb7 14. Na3 Bxg1
15. Rxg1 Qc7 16. h3 Qf4+ 17. Ke1 O-O 18. g3 Qf5 19. Bg4 Nxg4 20. hxg4 Qxg4 21.
Qxg4 Bxg4 22. Nc4 Rfe8 23. Ne3 Bf3 24. Kf2 Rad8 25. Nf5 c5 26. a3 Bh5 27. g4
Bg6 28. Ne3 Rd6 29. c4 h5 30. Bb2 Rxd2+ 0-1

[Event "12. Lichtenberger Sommer"]
[Site "Berlin"]
[Date "2013.08.22"]
[Round "6.97"]
[White "Lehmann, Tornalf"]
[Black "Herrmann, Eberhard"]
[Result "0-1"]
[WhiteElo "1680"]
[BlackElo "1861"]
[PlyCount "90"]
[EventDate "2013.??.??"]
[WhiteTeam "SC Heilsbronn 1951 e.V."]
[BlackTeam "SC Friesen Lichtenberg e.V."]

1. e4 e5 2. Bc4 Nf6 3. d4 Nc6 4. d5 Na5 5. Bd3 b6 6. Nf3 d6 7. h3 Nb7 8. b4 Be7
9. O-O O-O 10. c4 Bd7 11. Nc3 a5 12. b5 Nc5 13. a4 Nxd3 14. Qxd3 Qc8 15. Bg5
Qd8 16. Bd2 h6 17. Nh2 g5 18. f3 Nh5 19. Ne2 Nf4 20. Qe3 Kh7 21. Ng4 Rg8 22.
Nf2 Rg6 23. g4 h5 24. Ng3 hxg4 25. fxg4 Qh8 26. Nf5 Bf6 27. Rae1 Re8 28. Qf3
Kg8 29. Bxf4 exf4 30. Kg2 Bc3 31. Rd1 Qe5 32. Rd3 Bb4 33. Nd4 Rh6 34. Rfd1 Kg7
35. Rb3 Be1 36. Nf5+ Bxf5 37. exf5 Qe2 38. Rdb1 Bxf2 39. Qxf2 Qxc4 40. Qb2+ Kh7
41. Qc1 Re2+ 42. Kg1 Qxd5 43. Qf1 Qd4+ 44. Kh1 Re3 45. Rd1 Qe4+ 0-1

[Event "12. Lichtenberger Sommer"]
[Site "Berlin"]
[Date "2013.08.22"]
[Round "6.98"]
[White "Engelhardt, Erhard"]
[Black "Gelman, Josef"]
[Result "1-0"]
[WhiteElo "1841"]
[BlackElo "1570"]
[PlyCount "89"]
[EventDate "2013.??.??"]
[WhiteTeam "SSV Rotation Berlin e.V."]
[BlackTeam "SC Weisse Dame e.V."]

1. b4 a5 2. b5 Nf6 3. Bb2 e6 4. Nf3 g6 5. c4 Bg7 6. e3 O-O 7. Qc2 d6 8. Be2
Nbd7 9. d4 Nb6 10. O-O Re8 11. Rd1 Bd7 12. e4 Ng4 13. Nc3 e5 14. d5 Nc8 15. h3
Nh6 16. Bc1 b6 17. Be3 Ne7 18. Qd2 f5 19. Bxh6 fxe4 20. Nh2 e3 21. Bxe3 Rf8 22.
Bg4 Nf5 23. g3 h5 24. Bxf5 Rxf5 25. Ne4 Qf8 26. Rf1 h4 27. g4 Rf7 28. f3 Re8
29. Rf2 Rc8 30. Raf1 Re8 31. Ng5 Rfe7 32. Qc2 Qf6 33. Ne4 Qf8 34. Bg5 Rf7 35.
Bxh4 Bh6 36. Ng5 Rg7 37. f4 Qe7 38. Ngf3 g5 39. Bxg5 Bxg5 40. Nxg5 Qf6 41. Rg2
Rf8 42. Ne4 Qf7 43. fxe5 Qg6 44. Rxf8+ Kxf8 45. e6 1-0

[Event "12. Lichtenberger Sommer"]
[Site "Berlin"]
[Date "2013.08.22"]
[Round "6.100"]
[White "Jiranek, Benno"]
[Black "Weishäutel, Moritz"]
[Result "0-1"]
[WhiteElo "1480"]
[BlackElo "1680"]
[PlyCount "50"]
[EventDate "2013.??.??"]
[WhiteTeam "SC Kreuzberg e.V."]
[BlackTeam "SV Empor Erfurt"]

1. d4 d5 2. Nf3 Nf6 3. c4 e6 4. Nc3 Nbd7 5. Bg5 Be7 6. e3 a6 7. a3 dxc4 8. Bxc4
b5 9. Be2 Bb7 10. b4 O-O 11. O-O Nd5 12. Ne4 Nxe3 13. fxe3 Bxe4 14. Bf4 Nb6 15.
Rc1 Bd6 16. Be5 Bxe5 17. Nxe5 Qg5 18. Bf3 Qxe3+ 19. Kh1 Rad8 20. Bxe4 Qxe4 21.
Rxc7 Rxd4 22. Qh5 g6 23. Qxh7+ Kxh7 24. Rfxf7+ Rxf7 25. Rxf7+ Kg8 0-1

[Event "12. Lichtenberger Sommer"]
[Site "Berlin"]
[Date "2013.08.22"]
[Round "6.101"]
[White "Weiß, Daniel"]
[Black "Bui, Bao Anh Le"]
[Result "1-0"]
[WhiteElo "1758"]
[BlackElo "1102"]
[PlyCount "87"]
[EventDate "2013.??.??"]
[WhiteTeam "Sfr.Nord-Ost Berlin"]
[BlackTeam "Treptower SV 1949 e.V."]

1. Nf3 d5 2. d4 Nf6 3. c4 e6 4. Nc3 Nbd7 5. Bg5 Bb4 6. e3 b6 7. Be2 Bb7 8. O-O
O-O 9. h3 Rc8 10. a3 Bd6 11. Nb5 Be7 12. Nxa7 Ra8 13. Nb5 c6 14. Nc3 Qc7 15.
cxd5 exd5 16. Rc1 Qb8 17. Bd3 Bd6 18. e4 dxe4 19. Nxe4 Nxe4 20. Bxe4 Bf4 21.
Bxf4 Qxf4 22. Bxc6 Bxc6 23. Rxc6 Rfe8 24. Re1 Qf5 25. Rxe8+ Rxe8 26. Qc2 Qxc2
27. Rxc2 f6 28. Kf1 Kf7 29. Ne1 Re6 30. Rc7 Ke7 31. Nc2 Kd8 32. Rc3 Ke7 33. Re3
f5 34. Rxe6+ Kxe6 35. Ke2 g5 36. Kd3 Nf6 37. f3 f4 38. Kc4 Kd6 39. Nb4 h6 40.
d5 h5 41. Kd4 h4 42. a4 Ne8 43. Ke4 Ng7 44. Nd3 1-0

[Event "12. Lichtenberger Sommer"]
[Site "Berlin"]
[Date "2013.08.22"]
[Round "6.102"]
[White "Dathe, Frederick"]
[Black "Lohse, Steffen"]
[Result "1/2-1/2"]
[WhiteElo "1458"]
[BlackElo "1897"]
[PlyCount "58"]
[EventDate "2013.??.??"]
[WhiteTeam "Schachunion Berlin e.V."]
[BlackTeam "SV Osram"]

1. d4 e6 2. c4 f5 3. Nc3 Nf6 4. Nf3 b6 5. e3 Bb7 6. Bd3 Be7 7. O-O O-O 8. Re1
Ne4 9. Bd2 d5 10. cxd5 exd5 11. Rc1 c5 12. Qc2 Nd7 13. dxc5 Ndxc5 14. Nd4 Bd6
15. f4 g5 16. Nce2 Rc8 17. Bxe4 Nxe4 18. Qd3 Nc5 19. Qc2 Qf6 20. Bc3 Ne4 21.
Rf1 g4 22. Qa4 Nxc3 23. Rxc3 a6 24. Rxc8 Rxc8 25. Qd7 Rc7 26. Qxf5 Qxf5 27.
Nxf5 Bc5 28. Rc1 Rf7 29. Nh6+ Kg7 1/2-1/2

[Event "12. Lichtenberger Sommer"]
[Site "Berlin"]
[Date "2013.08.22"]
[Round "6.103"]
[White "Schrodt, Horst"]
[Black "Paris, Gerhard"]
[Result "1-0"]
[WhiteElo "1753"]
[BlackElo "1587"]
[PlyCount "91"]
[EventDate "2013.??.??"]
[WhiteTeam "SC Eintracht Berlin e.V."]
[BlackTeam "TSG Oberschöneweide e.V."]

1. d4 Nf6 2. c4 g6 3. Nf3 d6 4. Nc3 Bg7 5. e3 O-O 6. Be2 c5 7. O-O cxd4 8. Nxd4
Nc6 9. Nxc6 bxc6 10. Bf3 Bb7 11. Qa4 Qc7 12. Bd2 a6 13. Rac1 c5 14. Qd1 Rab8
15. b3 Bxf3 16. Qxf3 Qb7 17. Qe2 Nd7 18. Rfe1 e6 19. e4 Rbd8 20. Bf4 Ne5 21.
Red1 Qe7 22. h3 Nc6 23. Rd3 Nd4 24. Qd2 f5 25. Bg5 Bf6 26. Bxf6 Rxf6 27. Re1
Rdf8 28. e5 R6f7 29. f4 Qd8 30. Ne2 dxe5 31. fxe5 Rd7 32. Nxd4 Rxd4 33. Ree3
Rf7 34. Rxd4 Qxd4 35. Qxd4 cxd4 36. Rd3 Rd7 37. Kf2 g5 38. Kg3 a5 39. Kf3 Kf8
40. Ke2 f4 41. g3 fxg3 42. Rxg3 Kg7 43. Rxg5+ Kh6 44. Rg3 Rg7 45. Rf3 Rg5 46.
Rf4 1-0

[Event "12. Lichtenberger Sommer"]
[Site "Berlin"]
[Date "2013.08.22"]
[Round "6.104"]
[White "Schmidek, Johann"]
[Black "Dittrich, Hans-Georg"]
[Result "0-1"]
[WhiteElo "1424"]
[BlackElo "1751"]
[PlyCount "28"]
[EventDate "2013.??.??"]
[WhiteTeam "vereinslos"]
[BlackTeam "SG Blau-Weiß Stadtilm"]

1. d4 Nf6 2. c4 e5 3. dxe5 Ng4 4. Bf4 Nc6 5. Nf3 Bb4+ 6. Nc3 Qe7 7. Qd5 Bxc3+
8. bxc3 f6 9. exf6 Nxf6 10. Qg5 O-O 11. Bxc7 Re8 12. Ba5 Qa3 13. Bb4 Nxb4 14.
Qc1 Nd3+ 0-1

[Event "12. Lichtenberger Sommer"]
[Site "Berlin"]
[Date "2013.08.22"]
[Round "6.105"]
[White "Stemmler, Frank"]
[Black "Zesewitz, Maik"]
[Result "1-0"]
[WhiteElo "1377"]
[BlackElo "1579"]
[PlyCount "77"]
[EventDate "2013.??.??"]
[WhiteTeam "SG Eckturm"]
[BlackTeam "SF Friedrichshagen"]

1. e4 e5 2. Nf3 Nc6 3. Bc4 Bc5 4. Nc3 Nf6 5. d3 d6 6. Bg5 Na5 7. Bb3 Nxb3 8.
axb3 h6 9. Bh4 g5 10. Bg3 Nh5 11. Nd5 c6 12. Ne3 Nxg3 13. hxg3 Bg4 14. Nxg4 h5
15. Qd2 Kd7 16. Ne3 g4 17. Nh4 Qg5 18. Rf1 a5 19. Nc4 Qd8 20. f4 b5 21. Ne3
exf4 22. Rxf4 Qb6 23. Ke2 Rhf8 24. c3 b4 25. d4 bxc3 26. dxc5 Qb5+ 27. Qd3 cxb2
28. Rb1 Qxc5 29. Rxb2 Qb5 30. Qxb5 cxb5 31. Rf5 Rfb8 32. Rxf7+ Ke6 33. Rf2 a4
34. b4 a3 35. Ra2 Ra4 36. Nd5 Ke5 37. Kd3 Ra7 38. Rf5+ Ke6 39. Rf6+ 1-0

[Event "12. Lichtenberger Sommer"]
[Site "Berlin"]
[Date "2013.08.22"]
[Round "6.106"]
[White "Koerber, Bernhard"]
[Black "Toth, Hans-Jürgen"]
[Result "0-1"]
[WhiteElo "1611"]
[BlackElo "1641"]
[PlyCount "70"]
[EventDate "2013.??.??"]
[WhiteTeam "SG Lasker Steglitz-Wilmersdorf"]
[BlackTeam "Schachfreunde Zehdenick 76 e.V."]

1. e4 e6 2. d4 d5 3. Nc3 Bb4 4. e5 Ne7 5. Qg4 Nf5 6. Bd3 g6 7. Nge2 Nc6 8. Bd2
Bd7 9. a3 Be7 10. O-O-O h5 11. Qh3 Nfxd4 12. Nxd4 Nxd4 13. Be3 Nc6 14. Bf4 Bg5
15. Qg3 Bxf4+ 16. Qxf4 a6 17. h4 Ne7 18. f3 c5 19. g4 d4 20. Ne2 Bc6 21. gxh5
Rxh5 22. Ng3 Nd5 23. Qd2 Rxe5 24. Qh6 Qf6 25. Kb1 Ke7 26. Ne4 Qf4 27. Qg7 Nf6
28. Ng5 Nh5 29. Qh7 Qf6 30. Ne4 Qh8 31. Qxh8 Rxh8 32. Rdf1 Bxe4 33. Bxe4 Ng3
34. Rfg1 Nxh1 35. Rxh1 b6 0-1

[Event "12. Lichtenberger Sommer"]
[Site "Berlin"]
[Date "2013.08.22"]
[Round "6.107"]
[White "Schweitzer, Paul"]
[Black "Rose, Luis Stratos"]
[Result "1-0"]
[WhiteElo "1724"]
[BlackElo "1410"]
[PlyCount "97"]
[EventDate "2013.??.??"]
[WhiteTeam "SV Königsjäger Süd-West e.V."]
[BlackTeam "SC Kreuzberg e.V."]

1. Nf3 Nf6 2. d4 g6 3. c3 Bg7 4. Nbd2 d6 5. e3 O-O 6. Be2 b6 7. a4 Bb7 8. a5
Nbd7 9. c4 e5 10. a6 Bc8 11. h4 exd4 12. Nxd4 Ne5 13. f4 Ned7 14. Bf3 d5 15.
cxd5 Qe8 16. N2b3 Nb8 17. d6 c6 18. h5 Nd5 19. Kf2 Nf6 20. hxg6 fxg6 21. Nd2
Nd5 22. Nf1 Nf6 23. Qb3+ Kh8 24. Qc2 Bd7 25. Ra3 Nd5 26. Bxd5 cxd5 27. b4 Qe4
28. Qxe4 dxe4 29. Rc3 Rxf4+ 30. Kg1 Nc6 31. Nxc6 Bxc3 32. exf4 Bxc6 33. Rh3
Bxb4 34. Bb2+ Kg8 35. Be5 Bc5+ 36. Kh2 Rd8 37. Rc3 Kf7 38. Ne3 Kg8 39. g4 Bb5
40. Nd5 Bxd6 41. Nf6+ Kf7 42. Nxh7 Bxe5 43. fxe5 Ke6 44. Rc7 Rd7 45. Nf8+ Ke7
46. Nxd7 Bxd7 47. Rxa7 e3 48. Kg2 Ke6 49. Rxd7 1-0